| 000 | 00592nam a22001457a 4500 | ||
|---|---|---|---|
| 082 | _a620.1 | ||
| 100 | _aZaidi, Syed Muhammad Aesar Aziz | ||
| 245 |
_aFault Diagnosis in Mechanical Assemlies Trough Vibration Analysis using Time-Frequency Techniques, Principal Component Analysis and Neural Networks / _cSyed Muhammad Aesar Aziz Zaidi |
||
| 260 |
_aIslamabad : _bCEME - NUST, _c2015. |
||
| 300 |
_a98 p. ; _c30cm. |
||
| 650 |
_aMechanical Engineering-MS-Thesis _916090 |
||
| 700 |
_aDr. Hasan Aftad Saeed _931590 |
||
| 942 |
_2ddc _cTHE |
||
| 999 |
_c536430 _d536430 |
||